Revolving Door - Tate McRae - Statistics

General Stats
  • This quiz has been taken 189 times
    150 since last reset
  • The average score is 349 of 408
Answer Stats
% Correct
I
100%
(I
100%
a
99%
a,
99%
a)
99%
but
98%
But
98%
door
98%
My
98%
my
98%
revolvin'
98%
to
98%
to)
98%
when
98%
more
97%
more,
97%
(more)
97%
more)
97%
want
97%
want),
97%
you
97%
you)
97%
(You,
97%
like
96%
cold
95%
comin'
95%
heart
95%
me
95%
me),
95%
an
94%
back
94%
finally
94%
is
94%
it
94%
it,
94%
just
94%
Say
94%
keep
92%
and
91%
And
91%
bad
91%
then
91%
tried
91%
Tried
91%
tried,
91%
(Tried
91%
habit
90%
less,
90%
melting
90%
the
90%
be
89%
call
89%
(Call
89%
that
89%
That
89%
in
88%
of)
88%
Baby,
87%
I'm
86%
Off
86%
think
85%
on
84%
might
83%
Fuck
82%
fuck
82%
good,
81%
good
81%
So
81%
so
81%
move
80%
from
79%
no)
79%
oh,
79%
oh
79%
Oh,
79%
(Oh
79%
(Oh)
79%
need
78%
need,
78%
around
77%
minute
77%
minute,
77%
come,
74%
come
74%
down
74%
helping,
74%
not
74%
(Can't
73%
can't
73%
much
73%
much,
73%
Change
72%
confess,
72%
mind
72%
denial
70%
night
70%
Supposed
70%
supposed
70%
up,
70%
west
70%
east
68%
out
68%
Shut
68%
moved
67%
still
67%
(Ah)
66%
find
66%
it's
66%
stage,
66%
than
66%
(Yeah)
66%
Boston
65%
one
65%
couldn't
64%
gotta
64%
versatile
64%
would
64%
adult,
62%
'bout
62%
exhaustin'
62%
hurt
62%
Life
61%
reminded
61%
work
61%
admit
60%
Takes
59%
couch?
58%
towns
58%
your
57%
feels
56%
worse,
56%
get
54%
undoes
54%
with
54%
dial
53%
how?
53%
wing
51%
gym
49%
How'd
42%
Mm
39%
what
33%
enough
28%
(Ooh)
27%
Ooh,
27%
make
17%
thеn
2%
triеd
2%
No matching quizzes found
Score Distribution
Percent of People with Each Score
Percentile by Number Answered
Your Score History
You have not taken this quiz since the last reset